00888nam a22002057a 4500999001900000005001700019010001500036020003000051035001400081037001300095082000800108100002900116245012200145260005000267270011300317300004800430500005200478942002200530952013000552 c176365d17636520201215161854.0 aENG-128684 a978-93-90287-25-3c250.00 aEN-112216 bDBAD/PUB a615 aChowdhury, Biswaroop Roy aN. I. C. E. Way to Cure Covid-19/cBiswaroop Roy Chowdhuryb5000+ patients cured with Zero Medicine/ Money/ Mortality aNew DelhibDiamond Pocket Boks (P) Ltd.c2019 bNew Delhie110020aX-30, Okhla Industrial Area, Phase-IImsales@dpb.ink011-40712100, 41611861l011-41611866 a215p.c22cm(pbk)bIncluding Illustrations.  aPresented by Network of Influenza Care Experts. 2ddccENh615mCHO 001040708NFICaAVbAVd2020-12-15eDBAD/PUBg250.00l1o615 CHOpEN-112216r2021-08-12 00:00:00s2021-07-30t1v250.00yEN